| 000 | 00884cam a2200217 a 4500 | ||
|---|---|---|---|
| 999 |
_c58224 _d58224 |
||
| 001 | 15521690 | ||
| 005 | 20210922113918.0 | ||
| 008 | 081114s2009 nhua b 001 0 eng | ||
| 020 | _a9780325026435 | ||
| 041 | _aeng | ||
| 080 | _a371.58 G-45 | ||
| 100 | 1 |
_aGilmore, Barry. _912515 |
|
| 245 | 1 | 0 |
_aPlagiarism : _ba how-not-to guide for students / _cBarry Gilmore. |
| 264 |
_aPortsmouth, NH : _bHeinemann, _c2009. |
||
| 300 |
_a98 p. : _bill. ; _c24 cm. |
||
| 504 | _aIncludes bibliographical references (p. 89-92) and index. | ||
| 653 | _aპლაგიატი | ||
| 653 | _aგზამკვლევი სტუდენტებისთვის | ||
| 942 |
_2udc _cBK |
||
| 955 |
_are10 2008-11-14 _ire10 2008-11-14 telework _abf07 2008-11-14 _axe10 2009-04-07 1 copy rec'd., to CIP ver. _aBarcode 00239737596 returned from bindery 2009-06-08 _arh18 2009-07-25 copy 2 added |
||